000 00520nam a2200181Ia 4500
003 LK-CoDNM
008 010623t1916 xxu||||| |||| 00| 1 sin d
040 _aLK-CoDNM
_dLK-CoDNM
_eLK-CoDNM
041 _asin
080 _a104 C 21
100 _aWickramasuriya,D.E
_eed.
245 _aජේතවනාරාම විස්තරය,අනුරාධපුර
246 _aJetavanarama Vistharaya,Anuradhapura
260 _bSri Bharati
_aColombo
_c1916
300 _b12p, 21 cm
650 _aVarnana
942 _cBK
999 _c88877
_d88877